000 00713nam a2200205 i 4500
001 62490
003 ES-MaACL
005 20240118063001.0
007 t|
008 031121s1942 sp ||||1| spa d
100 1 _aJovellanos, Gaspar Melchor de,
_d1744-1811
_9222580
245 1 0 _aJovellanos :
_b(antología) / selección y prólogo por M. Fernández Almagro.
260 _aMadrid :
_bEdiciones Fe,
_c1942 (
_fUguina)
300 _a274 p., 1 lám. ;
_c17 cm.
490 1 _aBreviarios del Pensamiento Español
700 1 _aFernández Almagro, Melchor,
_d1893-1966
_949447
830 0 _aBreviarios del Pensamiento Español
_9180739
852 _aES-MaACL
_jG-3391
_bR.20629
999 _c62490
_d62490